00608nam a2200217Ia 4500008004100000020001800041050001800059050001800077100002500095245003600120245004300156260001300199260004100212260000900253300001600262300002000278300001100298500002000309650002800329650003300357160319s9999 xx 000 0 und d a971-30-1208-9 aFIL TX 360.P5 b.C53 2002 c.2 aClaudio, Virginia S. aBasic nutrition for Filipinos / cVirginia S. Claudio, Ofelia V. Dirige. aManila : bMerriam and Webster Bookstore, Inc., c2002 aI-6 pages : billustrations ; c25 cm. aIncludes index. aNutrition -- Filipinos. xDiet theraphy -- Filipinos.